MARC details
| 000 -LEADER |
| campo de control de longitud fija |
02604 a2200421 4500 |
| 003 - IDENTIFICADOR DE NÚMERO DE CONTROL |
| campo de control |
BJBSDDR |
| 005 - FECHA Y HORA DE LA ÚLTIMA TRANSACCIÓN |
| campo de control |
20251017121227.0 |
| 007 - CAMPO FIJO DE DESCRIPCIÓN FÍSICA--INFORMACIÓN GENERAL |
| campo de control de longitud fija |
ta |
| 008 - DATOS DE LONGITUD FIJA--INFORMACIÓN GENERAL |
| campo de control de longitud fija |
250924s2022 sp 00| 0 spa d |
| 020 ## - NÚMERO INTERNACIONAL ESTÁNDAR DEL LIBRO |
| Número Internacional Estándar del Libro |
9788430625529 |
| 020 ## - NÚMERO INTERNACIONAL ESTÁNDAR DEL LIBRO |
| Número Internacional Estándar del Libro |
8430625526 |
| 040 ## - FUENTE DE CATALOGACIÓN |
| Lengua de catalogación |
spa |
| Centro/agencia transcriptor |
BJBSDDR |
| 041 ## - CÓDIGO DE IDIOMA |
| Código de lengua del texto/banda sonora o título independiente |
spa |
| Código de lengua original |
eng |
| 050 14 - SIGNATURA TOPOGRÁFICA DE LA BIBLIOTECA DEL CONGRESO |
| Número de clasificación |
HB 615 |
| Número de ítem |
M478e 2022 |
| 100 1# - ENTRADA PRINCIPAL--NOMBRE DE PERSONA |
| Nombre de persona |
Mazzucato, Mariana, |
| Fechas asociadas al nombre |
1968- |
| 9 (RLIN) |
35060 |
| 240 10 - TÍTULO UNIFORME |
| Título uniforme |
Entrepreneurial state. |
| Lenguaje de la obra |
Español |
| 245 13 - MENCIÓN DEL TÍTULO |
| Título |
El Estado emprendedor : |
| Resto del título |
la oposición público-privado y sus mitos / |
| Mención de responsabilidad, etc. |
Mariana Mazzucato ; traducción de Javier Sanjulián y Anna Solé. |
| 260 ## - PUBLICACIÓN, DISTRIBUCIÓN, ETC. |
| Lugar de publicación, distribución, etc. |
Barcelona : |
| Nombre del editor, distribuidor, etc. |
Penguin Random House Grupo Editorial, |
| Fecha de publicación, distribución, etc. |
2022. |
| 300 ## - DESCRIPCIÓN FÍSICA |
| Extensión |
356 páginas ; |
| Dimensiones |
24 cm. |
| 490 1# - MENCIÓN DE SERIE |
| Mención de serie |
Economía |
| 500 ## - NOTA GENERAL |
| Nota general |
Título original: The entrepreneurial state : debunking public vs. private sector myths. |
| 500 ## - NOTA GENERAL |
| Nota general |
Incluye indice alfabético y de nombres. |
| 504 ## - NOTA DE BIBLIOGRAFÍA, ETC. |
| Nota de bibliografía, etc. |
Incluye referencias bibliográficas: página 273. |
| 520 ## - RESUMEN, ETC. |
| Sumario, etc. |
Con numerosos ejemplos, Mazzucato explica cómo, sin el papel crucial de los fondos públicos, el iPhone no sería tan inteligente, ni habrían tenido lugar muchos de los más importantes avances farmacéuticos o en las energías renovables. El sector privado solo encuentra el coraje para invertir después de que un Estado emprendedor haya realizado las inversiones de alto riesgo, y los «genios de la innovación», tan dados a las quejas por las trabas administrativas y fiscales, son en realidad beneficiarios privilegiados de las inversiones públicas en el desarrollo de nuevas tecnologías.Al no admitir el verdadero papel del Estado, hemos terminado creando un «sistema de innovación» en el que el sector público socializa los riesgos mientras las recompensas se privatizan. Mazzucato propone ideas para cambiar esta dinámica disfuncional, reformulando los parámetros del tradicional debate Estado versus sector privado de manera que ambas partes resulten beneficiadas |
| 650 #4 - PUNTO DE ACCESO ADICIONAL DE MATERIA--TÉRMINO DE MATERIA |
| Término de materia o nombre geográfico como elemento de entrada |
Emprendimiento |
| 9 (RLIN) |
379 |
| 650 #4 - PUNTO DE ACCESO ADICIONAL DE MATERIA--TÉRMINO DE MATERIA |
| Término de materia o nombre geográfico como elemento de entrada |
Emprendimiento |
| Subdivisión general |
Política gubernamental |
| 9 (RLIN) |
39274 |
| 650 #4 - PUNTO DE ACCESO ADICIONAL DE MATERIA--TÉRMINO DE MATERIA |
| Término de materia o nombre geográfico como elemento de entrada |
Administración de empresas |
| Subdivisión general |
Innovaciones tecnológicas |
| 9 (RLIN) |
1966 |
| 650 #4 - PUNTO DE ACCESO ADICIONAL DE MATERIA--TÉRMINO DE MATERIA |
| Término de materia o nombre geográfico como elemento de entrada |
Desarrollo industrial |
| 9 (RLIN) |
4233 |
| 650 #4 - PUNTO DE ACCESO ADICIONAL DE MATERIA--TÉRMINO DE MATERIA |
| Término de materia o nombre geográfico como elemento de entrada |
Innovaciones tecnológicas |
| Subdivisión general |
Política gubernamental |
| 9 (RLIN) |
31801 |
| 650 #4 - PUNTO DE ACCESO ADICIONAL DE MATERIA--TÉRMINO DE MATERIA |
| Término de materia o nombre geográfico como elemento de entrada |
Investigación industrial |
| 9 (RLIN) |
29918 |
| 650 #4 - PUNTO DE ACCESO ADICIONAL DE MATERIA--TÉRMINO DE MATERIA |
| Término de materia o nombre geográfico como elemento de entrada |
Difusión de innovaciones |
| 9 (RLIN) |
2507 |
| 650 #4 - PUNTO DE ACCESO ADICIONAL DE MATERIA--TÉRMINO DE MATERIA |
| Término de materia o nombre geográfico como elemento de entrada |
Desarrollo económico y estado |
| 9 (RLIN) |
39278 |
| 700 1# - ENTRADA AGREGADA--NOMBRE PERSONAL |
| Nombre de persona |
Sanjulián Arrupe, Javier |
| 9 (RLIN) |
39276 |
| Término indicativo de función/relación |
traductor |
| 700 1# - ENTRADA AGREGADA--NOMBRE PERSONAL |
| Nombre de persona |
Solé, Anna |
| 9 (RLIN) |
39277 |
| Término indicativo de función/relación |
traductora |
| 830 #0 - PUNTO DE ACCESO ADICIONAL DE SERIE-TÍTULO UNIFORME |
| Título uniforme |
Economía (Taurus) |
| 9 (RLIN) |
21684 |
| 942 ## - ELEMENTOS DE ENTRADA SECUNDARIOS (KOHA) |
| Fuente del sistema de clasificación o colocación |
Clasificación de Library of Congress |
| Tipo de ítem Koha |
Libro |
| 946 ## - PROCESAMIENTO DE INFORMACIÓN LOCAL (OCLC) |
| Iniciales del agente catalogador |
rmza |